The City (Record no. 479251)

000 -LEADER
fixed length control field 00296cam a22001217a 4500
008 - FIXED-LENGTH DATA ELEMENTS--GENERAL INFORMATION
fixed length control field 180718b1960 xxu||||| |||| 00| 0 eng d
082 ## - DEWEY DECIMAL CLASSIFICATION NUMBER
Classification number T4x42 F417
100 ## - MAIN ENTRY--PERSONAL NAME
Personal name Ferris, Paul
245 ## - TITLE STATEMENT
Title The City
Statement of responsibility, etc. by Paul Ferris
260 ## - PUBLICATION, DISTRIBUTION, ETC.
Place of publication, distribution, etc. London
Name of publisher, distributor, etc. Collancz
Date of publication, distribution, etc. 1960
300 ## - PHYSICAL DESCRIPTION
Extent 224p.
650 ## - SUBJECT ADDED ENTRY--TOPICAL TERM
Topical term or geographic name entry element Finance - UK
Holdings
Withdrawn status Lost status Damaged status Not for loan Permanent Location Current Location Date acquired Full call number Barcode Date last seen Price effective from Koha item type
        Indian Institute of Public Administration Indian Institute of Public Administration 2018-08-04 T4x42 F417 GR2287 2018-08-04 2018-08-04 GR

Powered by Koha